|
|
|
|
| LEADER |
01591nam a2200433 a 4500 |
| 001 |
nkc20132439357 |
| 003 |
CZ PrNK |
| 005 |
20130405104917.0 |
| 007 |
ta |
| 008 |
130131s2012 xr a f 001 0 cze |
| 015 |
|
|
|a cnb002439357
|
| 020 |
|
|
|a 978-80-7418-165-8
|q (brož.)
|
| 035 |
|
|
|a (OCoLC)837503371
|
| 040 |
|
|
|a BOA001
|b cze
|
| 041 |
0 |
|
|a cze
|b eng
|
| 072 |
|
7 |
|a 347.7
|x Obchodní právo. Finanční právo. Právo průmyslového vlastnictví. Patentové právo. Autorské právo
|2 Konspekt
|9 16
|
| 080 |
|
|
|a 004.72
|2 MRF
|
| 080 |
|
|
|a 347.77/.78:004
|2 MRF
|
| 080 |
|
|
|a (048.8)
|2 MRF
|
| 100 |
1 |
|
|a MacGregor Pelikánová, Radka,
|d 1972-
|7 jn20010310259
|4 aut
|
| 245 |
1 |
0 |
|a Ekonomické, právní a technické aspekty doménových jmen v globální perspektivě /
|c Radka MacGregor Pelikánová
|
| 250 |
|
|
|a Vyd. 1.
|
| 260 |
|
|
|a Ostrava :
|b Key Publishing,
|c 2012
|
| 300 |
|
|
|a 245 s. :
|b il. ;
|c 24 cm
|
| 490 |
1 |
|
|a Monografie
|
| 504 |
|
|
|a Obsahuje bibliografii, bibliografické odkazy a rejstřík
|
| 546 |
|
|
|a Anglická resumé
|
| 650 |
0 |
7 |
|a doménová jména
|7 ph158493
|2 czenas
|
| 650 |
0 |
7 |
|a právo informačních technologií
|7 ph137692
|2 czenas
|
| 650 |
0 |
9 |
|a Internet domain names
|2 eczenas
|
| 650 |
0 |
9 |
|a information technology law
|2 eczenas
|
| 655 |
|
7 |
|a monografie
|7 fd132842
|2 czenas
|
| 655 |
|
9 |
|a monographs
|2 eczenas
|
| 830 |
|
0 |
|a Monografie (Key Publishing)
|0 s
|
| 910 |
2 |
|
|a BOA001
|b 2-1300.266
|
| 990 |
|
|
|a BK
|
| 995 |
|
|
|a 01
|
| 991 |
|
|
|b 201303
|c NOV
|e n
|
| 996 |
6 |
|
|b 2610538329
|c 2-1300.266
|l MZK
|r Sklad / do 1 hodiny
|n 6
|p p.v.
|w 001312326
|u 000010
|a 1
|e BOA001
|j MZK50
|s P
|